<?xml version="1.0" encoding="UTF-8"?>
<marc:record xmlns:marc="http://www.loc.gov/MARC21/slim">
   <marc:leader>00000nam a2200000 a 4500</marc:leader>
   <marc:datafield ind1="1" ind2=" " tag="100">
      <marc:subfield code="a">Rowling, Joanne K.</marc:subfield>
      <marc:subfield code="4">aut</marc:subfield>
      <marc:subfield code="e">Verfasser/-in</marc:subfield>
   </marc:datafield>
   <marc:datafield ind1="0" ind2="0" tag="245">
      <marc:subfield code="a">Harry Poter and the Half-Blood Prince</marc:subfield>
   </marc:datafield>
   <marc:datafield ind1=" " ind2="1" tag="264">
      <marc:subfield code="b">Bloomsbury Publishing</marc:subfield>
      <marc:subfield code="c">2005</marc:subfield>
   </marc:datafield>
   <marc:datafield ind1="1" ind2=" " tag="520">
      <marc:subfield code="a">Harry Potter and the Half-Blood Prince, by J.K. Rowling, the sixth in the bestselling series, has been scheduled for publication on 16th July, 2005 in the United Kingdom, the United States, Canada, Australia, New Zealand, South Africa, and in the English language throughout the world it was announced today by Bloomsbury and Scholastic, her British and American publishers. On her website, www.jkrowling.com, J.K. Rowling announced last night that she had completed the book and delivered the manuscript to her two English language publishers.

Harry Potter and the Half-Blood Prince takes up the story of Harry Potter's sixth year at Hogwarts School of Witchcraft and Wizardry at this point as Voldemort's power and followers are increasing day by day, in the midst of this battle of good and evil.

The author has already said that the Half-Blood Prince is neither Harry nor Voldemort. Intriguingly, the opening chapter of Harry Potter and the Half-Blood Prince has been brewing in J.K. Rowling's mind for 13 years."</marc:subfield>
   </marc:datafield>
   <marc:datafield ind1=" " ind2=" " tag="020">
      <marc:subfield code="a">9780747581086</marc:subfield>
      <marc:subfield code="9">9780747581086</marc:subfield>
   </marc:datafield>
</marc:record>
